Statistics for Bayern Munich Players 23/24 Season

Click here to take the quiz!

General Stats

  • This quiz has been taken 45 times
  • The average score is 16 of 28

Answer Stats

Shirt NumberPositionLoanPlayer% Correct
1GK-Manuel Neuer
100%
3CB-Kim Min-jae
95%
9ST/CF-Harry Kane
93%
6RB/CDM-Joshua Kimmich
93%
11LW/RW-Kingsley Coman
90%
19LB-Alphonso Davies
88%
2CB-Dayot Upamecano
88%
15CB/CDMTottenham HotspurEric Dier
88%
10LW/RW-Leroy Sane
88%
8CAM/CM/CDM-Leon Goretzka
85%
7LW/RW-Serge Gnabry
83%
42CAM/CM-Jamal Musiala
80%
4CB-Matthijs de Ligt
78%
25CF/CAM/CM-Thomas Muller
73%
Head Coach--Thomas Tuchel
48%
26GK-Sven Ulreich
45%
17LW/RW/CAMGranadaBryan Zaragoza
40%
13ST/CF-Eric Maxim Choupo-Moting
33%
22LB/CAM/CM/CDM-Raphael Guerreiro
33%
18GK-Daniel Peretz
30%
39LW/CAM/ST/CF-Mathys Tel
30%
20RB/CB/RM-Bouna Sarr
28%
27RB/CM/CDM-Konrad Laimer
28%
23LB/RB-Sacha Boey
25%
45CM/CDM/RB-Aleksandar Pavlovic
20%
40RB-Noussair Mazraoui
20%
28CB/RB-Tarek Buchmann
15%
34CM-Lovro Zvonarek
10%

Score Distribution

Percentile by Number Answered

Percent of People with Each Score

Your Score History

You have not taken this quiz